<?xml version="1.0" encoding="UTF-8"?><?xml-stylesheet type="text/xsl" href="static/style.xsl"?><OAI-PMH xmlns="http://www.openarchives.org/OAI/2.0/" xmlns:xsi="http://www.w3.org/2001/XMLSchema-instance" xsi:schemaLocation="http://www.openarchives.org/OAI/2.0/ http://www.openarchives.org/OAI/2.0/OAI-PMH.xsd"><responseDate>2026-04-28T19:02:01Z</responseDate><request verb="GetRecord" identifier="oai:uvadoc.uva.es:10324/64800" metadataPrefix="marc">https://uvadoc.uva.es/oai/request</request><GetRecord><record><header><identifier>oai:uvadoc.uva.es:10324/64800</identifier><datestamp>2024-01-22T20:01:47Z</datestamp><setSpec>com_10324_1191</setSpec><setSpec>com_10324_931</setSpec><setSpec>com_10324_894</setSpec><setSpec>col_10324_1379</setSpec></header><metadata><record xmlns="http://www.loc.gov/MARC21/slim" xmlns:doc="http://www.lyncode.com/xoai" xmlns:xsi="http://www.w3.org/2001/XMLSchema-instance" xmlns:dcterms="http://purl.org/dc/terms/" xsi:schemaLocation="http://www.loc.gov/MARC21/slim http://www.loc.gov/standards/marcxml/schema/MARC21slim.xsd">
<leader>00925njm 22002777a 4500</leader>
<datafield tag="042" ind1=" " ind2=" ">
<subfield code="a">dc</subfield>
</datafield>
<datafield tag="720" ind1=" " ind2=" ">
<subfield code="a">Pérez Juárez, María Ángeles</subfield>
<subfield code="e">author</subfield>
</datafield>
<datafield tag="720" ind1=" " ind2=" ">
<subfield code="a">González Ortega, David</subfield>
<subfield code="e">author</subfield>
</datafield>
<datafield tag="720" ind1=" " ind2=" ">
<subfield code="a">Aguiar Pérez, Javier Manuel</subfield>
<subfield code="e">author</subfield>
</datafield>
<datafield tag="260" ind1=" " ind2=" ">
<subfield code="c">2023</subfield>
</datafield>
<datafield tag="520" ind1=" " ind2=" ">
<subfield code="a">Technology enables a more sustainable and universally accessible educational model. However, technology has brought a paradox into students’ lives: it helps them engage in learning activities, but it is also a source of distraction. During the academic year 2021–2022, the authors conducted a study focusing on classroom distractions. One of the objectives was to identify the main digital distractions from the point of view of students. The study was carried out at an engineering school, where technology is fully integrated in the classroom and in the academic routines of teachers and students. Discussions and surveys, complemented by a statistical study based on bivariate correlations, were used with participating students (n = 105). Students considered digital distractions to have a significant impact on their performance in lab sessions. This performance was mainly self-assessed as improvable. Contrary to other contemporary research, the results were not influenced by the year of study of the subject, as the issue is important regardless of the students’ backgrounds. Professors should implement strategies to raise students’ awareness of the significant negative effects of digital distractions on their performance, as well as to develop students’ self-control skills. This is of vital importance for the use of technology to be sustainable in the long-term.</subfield>
</datafield>
<datafield tag="024" ind2=" " ind1="8">
<subfield code="a">Sustainability, Marzo 2023, vol. 15, n. 7. p. 6044</subfield>
</datafield>
<datafield tag="024" ind2=" " ind1="8">
<subfield code="a">2071-1050</subfield>
</datafield>
<datafield tag="024" ind2=" " ind1="8">
<subfield code="a">https://uvadoc.uva.es/handle/10324/64800</subfield>
</datafield>
<datafield tag="024" ind2=" " ind1="8">
<subfield code="a">10.3390/su15076044</subfield>
</datafield>
<datafield tag="024" ind2=" " ind1="8">
<subfield code="a">6044</subfield>
</datafield>
<datafield tag="024" ind2=" " ind1="8">
<subfield code="a">7</subfield>
</datafield>
<datafield tag="024" ind2=" " ind1="8">
<subfield code="a">Sustainability</subfield>
</datafield>
<datafield tag="024" ind2=" " ind1="8">
<subfield code="a">15</subfield>
</datafield>
<datafield tag="024" ind2=" " ind1="8">
<subfield code="a">2071-1050</subfield>
</datafield>
<datafield tag="245" ind1="0" ind2="0">
<subfield code="a">Digital distractions from the point of view of higher education students</subfield>
</datafield>
</record></metadata></record></GetRecord></OAI-PMH>